000 01737nam a2200445 c 4500
003 BLK
005 20230925172924.0
008 180410b bul|||||r ||||||| ||bul||
010 _aKNG00173599000
020 _a978-954-28-1666-9
_bиздат.: Сиела Норма
040 _aBLK
041 _aBUL
_cBUL
072 7 _2bullib
_aН32
_xПолитика Н
080 _aШпионаж. Политическо влияние чрез тайни (разузнавателни) служби
_b327.84
_x(100)(091)
_z327.84(100)(091)
100 1 _aБояджиев, Тодор Костов
_eпърви автор
_9375081
139 _aБояджиев, Тодор Костов
_bБ 73
245 1 0 _aТайните операции, които промениха света
_bЛиоте, Разцепващ фактор, Голгота
_cТодор Костов Бояджиев.
257 _aBGR
260 София
_bСиела Норма
_c2015
300 _a156 с.
_bсъс сн.
_c23 см
380 _a3
490 1 _aHistoria incognita
500 _aСъдържа и за авт.
650 4 _aТайни служби
_9266564
650 4 _aРазузнаване - история
_9270054
651 4 _aВеликобритания
_9178698
651 4 _aСАЩ
_9179493
651 4 _aСССР
_9179592
651 4 _aРусия
_9179465
653 _aтайни служби
653 _aразузнаване
653 _aистория
659 _aН
852 _aЦб 273522
856 4 _qpdf
_u
856 4 _qpdf
_u
942 _cKNG
_n0
_016
944 _aCR
_c30.03.2015
_lГалина Якимова
_k30564
944 _aED
_c16.03.2016
_lф /
_kЛюдмила_Стоянова
999 _c165946
_d165946